• 首页
  • 本馆介绍
  • 公告通知
  • 最新文献
  • 馆藏检索
  • 电子资源
  • 读者导购
  • 参考咨询
  • 我的图书馆
  • 登录
  • 详细信息显示
  • 放入我的书架
  • 预约/预借图书
  • 作者相关作品
  • 分类相关作品
  • 丛书相关作品
  • 出版社相关作品

书目信息

  • 表格格式
  • 工作单格式
  • 卡片格式
题名:
欧洲现代史
    
 
作者: 梅里曼 著 ;焦阳 , 赖晨希 , 冯济业 , 黄海枫 译
分册: 上  
出版信息: 上海   上海人民出版社  2015.12
页数: 24,617页
开本: 24cm
丛书名: 历史·文化经典译丛
单 册:
中图分类: K505
科图分类:
主题词:
电子资源:
ISBN: 978-7-208-13432-4
000 01346oam2 2200349 450
001 002541602
005 20160606172454.04
010    @a978-7-208-13432-4@dCNY94.00,CNY188.00(全2册)
100    @a20160223d2015 em y0chiy0110 ea
101 1  @achi@ceng
102    @aCN@b310000
105    @aab z 000yy
106    @ar
200 1  @a欧洲现代史@9ou zhou xian dai shi@dA History of modern europe:from the renaissance to the present@efrom the renaissance to the present@e从文艺复兴到现在@h上@zeng
210    @a上海@c上海人民出版社@d2015.12
215    @a24,617页@c图,地图@d24cm
225 2  @a历史·文化经典译丛
314    @a封面题:(美)约翰·梅里曼著 焦阳[等]译
330    @a本书主要内容包括:中世纪的遗产和改变欧洲的发现、文艺复兴、两种宗教改革、宗教战争、大西洋经济的崛起:西班牙与英格兰等。
333    @a外国文化爱好者
461  0 @12001 @a历史·文化经典译丛
510 1  @aHistory of modern europe@efrom the renaissance to the present@zeng
517 1  @a从文艺复兴到现在@9cong wen yi fu xing dao xian zai
607    @a欧洲@x现代史
690    @aK505@v5
701  1 @c(美)@a梅里曼@9mei li man@b约翰@4著
702  0 @a焦阳@9jiao yang@4译
702  0 @a赖晨希@9lai chen xi@4译
702  0 @a冯济业@9feng ji ye@4译
702  0 @a黄海枫@9huang hai feng@4译
801  0 @aCN@b人天书店@c20160223
905    @b878386-91@dK505@e28:1@f6
    
    欧洲现代史=A History of modern europe:from the renaissance to the present:from the renaissance to the present:从文艺复兴到现在.上.-上海:上海人民出版社,2015.12
    24,617页:图,地图;24cm.-(历史·文化经典译丛)
    使用对象:外国文化爱好者
    
    ISBN 978-7-208-13432-4:CNY94.00,CNY188.00(全2册)
    本书主要内容包括:中世纪的遗产和改变欧洲的发现、文艺复兴、两种宗教改革、宗教战争、大西洋经济的崛起:西班牙与英格兰等。
●
相关链接 在E读中查询图书 在五车中查询图书 在当当中查询图书 在豆瓣中查询图书


正题名:欧洲现代史     索取号:K505/28:1         预约/预借

序号 登录号 条形码 馆藏地/架位号 状态 备注
1 878386   208783869   第二样本阅览室/ [索取号:K505/28:1] 在馆    
2 878387   208783878   教育系资料室/ [索取号:K505/28:1] 在馆    
3 878388   208783887   教育系资料室/ [索取号:K505/28:1] 在馆    
4 878389   208783896   教育系资料室/ [索取号:K505/28:1] 在馆    
5 878390   208783903   第二借阅区/ [索取号:K505/28:1] 在馆    
6 878391   208783912   第二借阅区/ [索取号:K505/28:1] 在馆    
唐山师范学院图书馆 欢迎您!
大连网信软件有限公司© 版权所有